| 000 | 01266cam a2200373 4500 | ||
|---|---|---|---|
| 999 |
_c23434 _d23434 |
||
| 001 | vtls012132827 | ||
| 005 | 20221011072728.0 | ||
| 008 | 220428s2022 xo g 000 f slo | ||
| 020 |
_a9788055179667 _q(viazané) |
||
| 040 |
_aTTKJF _bslo _cTTKJF _dSNK _erda |
||
| 041 | 1 |
_aslo _heng |
|
| 044 |
_axo _cSK |
||
| 072 | 7 |
_a821.111(73)-3 _xAmerická próza _2konspekt |
|
| 080 |
_a821.111(73)-31 _22011 |
||
| 080 |
_a(0:82-311.6) _22011 |
||
| 100 | 1 |
_aQuinn, Kate _4aut _93652 |
|
| 240 | 1 | 4 |
_aThe Rose Code _lSlovensky |
| 245 | 1 | 0 |
_aKód ruže _cKate Quinn ; preložili Tamara Chovanová a Terézia Štubniaková |
| 264 | 1 |
_aBratislava _bIkar _c2022 |
|
| 300 |
_a598 strán _c24 cm |
||
| 336 |
_atext _btxt _2rdacontent |
||
| 337 |
_abez média _bn _2rdamedia |
||
| 338 |
_azväzok _bnc _2rdacarrier |
||
| 500 | _aPreložené z angličtiny | ||
| 500 | _aObsahuje stručné biografické údaje o autorovi na záložke prebalu publikácie | ||
| 655 | 7 |
_aamerické romány _2SNKPH _92 |
|
| 655 | 7 |
_ahistorické romány _2SNKPH _91688 |
|
| 655 | 7 |
_aAmerican fiction _2SNKPHeng _93 |
|
| 655 | 7 |
_aHistorical novels _2SNKPHeng _91689 |
|
| 700 | 1 |
_aChovanová, Tamara, _d1953- _4trl _91712 |
|
| 700 | 1 |
_aŠtubniaková, Terézia _4trl _91690 |
|
| 958 | _aLX | ||
| 958 | _aUP | ||